| 000 | 00506nam a2200181Ia 4500 | ||
|---|---|---|---|
| 003 | GCL | ||
| 008 | 140319s9999 xx 000 0 ara d | ||
| 040 |
_aGCL / _cGCL |
||
| 082 | 0 | 4 |
_a823.03 _bهـ د |
| 100 | 1 | _aفيتزجيرالد، سكوت | |
| 245 | 1 | 0 |
_aدعنى لليل / _cفيتزجيرالد، سكوت |
| 700 | 1 | _aعبدالنور خليل | |
| 300 | _a93 ص | ||
| 490 |
_aمكتبة الفليم _v0 |
||
| 650 | 0 | 4 | _aالادب الانجليزى |
| 650 | 0 | 4 | _aالقصص |
| 942 |
_2ddc _cBK |
||
| 999 |
_c40640 _d40640 |
||